<?xml version="1.0" encoding="UTF-8"?>
<record
    xmlns:xsi="http://www.w3.org/2001/XMLSchema-instance"
    xsi:schemaLocation="http://www.loc.gov/MARC21/slim http://www.loc.gov/standards/marcxml/schema/MARC21slim.xsd"
    xmlns="http://www.loc.gov/MARC21/slim">

  <leader>01924    a2200217   4500</leader>
  <controlfield tag="001">27096</controlfield>
  <controlfield tag="005">20260407155548.0</controlfield>
  <controlfield tag="008">260407a2013    arg                 spa d</controlfield>
  <controlfield tag="003">AR-UNSa-BCEJYS</controlfield>
  <datafield tag="040" ind1=" " ind2=" ">
    <subfield code="a">AR-UNSa-BCEJYS</subfield>
    <subfield code="b">spa</subfield>
    <subfield code="c">AR-UNSa-BCEJYS</subfield>
  </datafield>
  <datafield tag="080" ind1=" " ind2=" ">
    <subfield code="a">342.7</subfield>
    <subfield code="x">Derechos fundamentales. Derechos humanos. Derechos y deberes de los ciudadanos (Derecho a la Salud, vivienda)</subfield>
  </datafield>
  <datafield tag="245" ind1="1" ind2="0">
    <subfield code="a">Fertilizaci&#xF3;n humana asistida</subfield>
    <subfield code="p">aspectos legales, jurisprudenciales y sociales desde un abordaje interdisciplinario</subfield>
  </datafield>
  <datafield tag="020" ind1=" " ind2=" ">
    <subfield code="a">978-987-03-2414-0</subfield>
  </datafield>
  <datafield tag="264" ind1=" " ind2="1">
    <subfield code="a">Buenos Aires :</subfield>
    <subfield code="b">Universidad de Buenos Aires. Facultad de Derecho</subfield>
    <subfield code="c">2013</subfield>
  </datafield>
  <datafield tag="300" ind1=" " ind2=" ">
    <subfield code="a">424 p.</subfield>
    <subfield code="c">24 cm.</subfield>
  </datafield>
  <datafield tag="505" ind1=" " ind2=" ">
    <subfield code="a">1. Breve historia de la fertilizaci&#xF3;n humana asistida y de las t&#xE9;cnicas actuales - 2. Sobre los m&#xE9;todos de fertilizaci&#xF3;n asistida - 3. La pr&#xE1;ctica profesional desde la interdisciplinaria. Aspectos culturales y sociales de la paternidad y la maternidad - 4. Los derechos reproductivo y el Derecho a la procreaci&#xF3;n en la doctrina argentina - 5. Algunas fuentes legales del derecho a la procreaci&#xF3;n asistida - 6. Obligaciones de las obras sociales nacionales de la Ley 23.660/1 y el programa m&#xE9;dico obligatorio (PMO) - 7. Algunas nuevas fuentes legales provinciales - 8. La jurisprudencia - 9. Derecho Comparado - 10. Fallos Judiciales seleccionados en texto completo - 11. Legislaci&#xF3;n nacional - 12. Normativa Internacional - 13. Proyecto de la Ley nacional de fertilizaci&#xF3;n humana asistida - 14. Comentarios sobre el proyecto de Ley nacional de fertilizaci&#xF3;n humana asistida 2011 - 15. Proyecto de unifiaci&#xF3;n del C&#xF3;digo Civil y Comercial presentado en 2012: inclusi&#xF3;n de la fertilizaci&#xF3;n humana asistida</subfield>
  </datafield>
  <datafield tag="942" ind1=" " ind2=" ">
    <subfield code="c">BK</subfield>
  </datafield>
  <datafield tag="590" ind1=" " ind2=" ">
    <subfield code="a">niveau_biblio:m niveau_hierar:0</subfield>
  </datafield>
  <datafield tag="100" ind1="1" ind2=" ">
    <subfield code="a">Rosales, Pablo Oscar</subfield>
  </datafield>
  <datafield tag="856" ind1="4" ind2="1">
    <subfield code="u">https://biblioeco.unsa.edu.ar/pmb/images/libros/Fertilizac?on Humana Asistida-l119730.jpg</subfield>
    <subfield code="y">Imagen de portada</subfield>
    <subfield code="q">image/jpeg</subfield>
  </datafield>
  <datafield tag="999" ind1=" " ind2=" ">
    <subfield code="c">1543</subfield>
    <subfield code="d">1543</subfield>
  </datafield>
  <datafield tag="952" ind1=" " ind2=" ">
    <subfield code="0">0</subfield>
    <subfield code="1">0</subfield>
    <subfield code="4">0</subfield>
    <subfield code="7">0</subfield>
    <subfield code="a">BCEJYS</subfield>
    <subfield code="b">BCEJYS</subfield>
    <subfield code="c">16</subfield>
    <subfield code="d">2026-04-07</subfield>
    <subfield code="l">0</subfield>
    <subfield code="o">342.7 R788</subfield>
    <subfield code="p">L119730</subfield>
    <subfield code="r">2026-04-07 15:55:48</subfield>
    <subfield code="w">2026-04-07</subfield>
    <subfield code="y">L</subfield>
  </datafield>
</record>
